| 000 | 00388nam a2200145 a 4500 | ||
|---|---|---|---|
| 001 | 4629 | ||
| 003 | CDMR | ||
| 005 | 20130320111203.0 | ||
| 008 | 130130s2009||||||||||||||||||||||||||||d | ||
| 040 |
_aCDMR _bcat _cCPC GIRONA |
||
| 110 | 1 |
_91047 _aGirona _b -- Ajuntament |
|
| 245 | 0 |
_aGirona, 150 anys de cartells de Fires _b: 1859-2009 |
|
| 260 |
_c2009 _bAjuntament de Girona |
||
| 942 |
_cMON _2ddc |
||
| 999 |
_c4629 _d4629 |
||